000 01147ncm a2200301 a 4500
999 _c351582
_d351582
003 BLK
005 20230821165743.0
008 200324b bu ||||| |||| 00| 0 bu d
040 _aBLK
041 _aBUL
_cBUL
080 _aКларинет. Етюди, гами, учебна литература
_b788.6.087.5
_z788.6.087.5
100 _9389208
_aДимитров, Сава
_eпърви автор
139 _aДимитров, Сава
_bД 58
245 _aШкола за кларинет
_cСава Димитров ; ред. Здравко Манолов
250 _a5 изд.
260 _9209430
_aСофия
_bМузика
_c1970
300 _a83 с.
_c34 см
_b
380 _a7
650 0 _9353811
_aКларинет - етюди, гами
653 7 _9200852
_aшколи
653 7 _9188643
_aкларинети
700 _9389208
_aДимитров, Сава
_eпърви автор
700 _91311
_aМанолов, Здравко Христов
_eред.
852 _aЦб М ІІ 5053
_bИП
942 _cNOT
_n0
_s1
_01
944 _aCR
_c2020-04-05
_k30542
_lРусанова Ирена
999 _d351582